书目信息 |
| 题名: |
微博改变一切
|
|
| 作者: | 李开复 著 | |
| 分册: | ||
| 出版信息: | 上海 上海财经大学出版社 2011.2 |
|
| 页数: | 186页 | |
| 开本: | 24cm | |
| 丛书名: | ||
| 单 册: | ||
| 中图分类: | G206.2 , TP393.4 | |
| 科图分类: | ||
| 主题词: | 互联网络--传播学--研究 , 互联网络 , 传播学 | |
| 电子资源: | ||
| ISBN: | 978-7-5642-0502-7 | |
| 000 | 00910nam0 22002771 450 | |
| 001 | 524 | |
| 005 | 20140909171240.57 | |
| 010 | @a978-7-5642-0502-7@dCNY28.00 | |
| 100 | @a20110316d2011 em y0chiy50 ea | |
| 101 | 0 | @achi |
| 102 | @aCN@b310000 | |
| 105 | @aa z 000yy | |
| 106 | @ar | |
| 200 | 1 | @a微博改变一切@AWei Bo Gai Bian Yi Qie@dMicro-blog: changing the world@f李开复著@FLi Kai Fu Zhu@zeng |
| 210 | @a上海@c上海财经大学出版社@d2011.2 | |
| 215 | @a186页@c照片@d24cm | |
| 330 | @a本书为李开复分享写微博的心得体验。内容包括:我和微博的故事、我看微博现象、如何吸引粉丝和微博的商机和未来等。 | |
| 510 | 1 | @aMicro-blog: changing the world@zeng |
| 606 | 0 | @a互联网络@x传播学@x研究 |
| 606 | 0 | @a互联网络 |
| 606 | 0 | @a传播学 |
| 690 | @aG206.2@v5 | |
| 690 | @aTP393.4@v5 | |
| 701 | 0 | @a李开复@ALi Kai Fu@f(1961.12~)@4著 |
| 801 | 0 | @aCN@bTANGWEI@c20140603 |
| 905 | @b0837396-98@dG206.2@e583@f3 | |
| 微博改变一切=Micro-blog: changing the world/李开复著.-上海:上海财经大学出版社,2011.2 |
| 186页:照片;24cm |
| ISBN 978-7-5642-0502-7:CNY28.00 |
| 本书为李开复分享写微博的心得体验。内容包括:我和微博的故事、我看微博现象、如何吸引粉丝和微博的商机和未来等。 |
| ● |
| 相关链接 |
|
|
|
|
正题名:微博改变一切
索取号:G206.2/583
 
预约/预借
| 序号 | 登录号 | 条形码 | 馆藏地/架位号 | 状态 | 备注 |
| 1 | 0837396 | 208373963 | 第一样本阅览室/ [索取号:G206.2/583] | 在馆 | |
| 2 | 0837397 | 208373972 | 第四借阅区/ [索取号:G206.2/583] | 在馆 | |
| 3 | 0837398 | 208373981 | 密集书库-物理学院/ [索取号:G206.2/583] | 在馆 |